000 00785nas a2200277 4500
001 BR9104456
003 BR-BrBNA
005 20231205092208.0
007 ta
008 230509b bl.|||p| |||| 00| 00por d
040 _aBR-BrBNA
_bpor
_cBiblioteca Nacional de Agricultura
041 _a(Pt)
072 _aF62; F03
100 1 _aConde, A. dos R.
100 1 _aGarcia, J.
245 1 _aMaturidade fisiologica das sementes de capim-andropogon
650 _aSEMENTE
650 _aCAPIM ANDROPOGON
650 _aCOLHEITA
650 _aSEMEADURA
650 _aINFLORESCENCIA
650 _aGOIAS
773 0 _tRevista Brasileira de Sementes (Brazil)
_xISSN 0101-3122
_g(1988), v. 10(1) p. 87-94
_wBR9104456
909 _a202311
_bLúcia
_c55
_dLúcia Elande
942 _2AGRIS
_n0
_cANA
999 _c130009
_d130009